Modulo/ (Record no. 4498)

MARC details
000 -LEADER
campo de control de longitud fija 01406nam a22003497a 4500
003 - IDENTIFICADOR DE NÚMERO DE CONTROL
campo de control OSt
005 - FECHA Y HORA DE LA ÚLTIMA TRANSACCIÓN
campo de control 20231101092028.0
008 - DATOS DE LONGITUD FIJA--INFORMACIÓN GENERAL
campo de control de longitud fija 221006b |||||||| |||| 00| 0 eng d
040 ## - FUENTE DE CATALOGACIÓN
Centro/agencia transcriptor Biblioteca Lado V
082 ## - NÚMERO DE LA CLASIFICACIÓN DECIMAL DEWEY
Número de clasificación 621.436.2
Número de ítem P185m
100 ## - ENTRADA PRINCIPAL--NOMBRE DE PERSONA
9 (RLIN) 879
Nombre de persona Pamio, Oscar
Término indicativo de función/relación director
245 ## - MENCIÓN DEL TÍTULO
Título Modulo/
Resto del título Revista Semestral de Diseño Industrial/
260 ## - PUBLICACIÓN, DISTRIBUCIÓN, ETC.
Fecha de publicación, distribución, etc. 1993
Nombre del editor, distribuidor, etc. Taller de Publicaciones ITCR
Lugar de publicación, distribución, etc. Costa Rica
300 ## - DESCRIPCIÓN FÍSICA
Dimensiones 28x24cm
Extensión 54p.
490 ## - MENCIÓN DE SERIE
Designación de volumen o secuencia 1993
Número Internacional Normalizado para Publicaciones Seriadas 1017-9321
Mención de serie 33
505 ## - NOTA DE CONTENIDO CON FORMATO
Nota de contenido con formato Notas del editor
505 ## - NOTA DE CONTENIDO CON FORMATO
Nota de contenido con formato Jorge Debravo (Poema)
505 ## - NOTA DE CONTENIDO CON FORMATO
Nota de contenido con formato Joaquin Murillo (Disconformidad una variable en el trabajo creativo)
505 ## - NOTA DE CONTENIDO CON FORMATO
Nota de contenido con formato Charla con Francisco Amighetti
505 ## - NOTA DE CONTENIDO CON FORMATO
Nota de contenido con formato La creatividad como acto vivencial
505 ## - NOTA DE CONTENIDO CON FORMATO
Nota de contenido con formato Luis Diego Herra, Composición y Creatividad
505 ## - NOTA DE CONTENIDO CON FORMATO
Nota de contenido con formato Genuis Loci y la actitud creativa
505 ## - NOTA DE CONTENIDO CON FORMATO
Nota de contenido con formato Maria Clara Vargas. La música de cámara un reto interesante
505 ## - NOTA DE CONTENIDO CON FORMATO
Nota de contenido con formato Rafael Angel García, pintor y arquitecto por Luis Fernando Quirós
505 ## - NOTA DE CONTENIDO CON FORMATO
Nota de contenido con formato Búsqueda sobre la luz. La labor creativa de René Derowin
505 ## - NOTA DE CONTENIDO CON FORMATO
Nota de contenido con formato Abstracts
650 ## - PUNTO DE ACCESO ADICIONAL DE MATERIA--TÉRMINO DE MATERIA
Fuente del encabezamiento o término Tesauro de Arte & Arquitectura
Término de materia o nombre geográfico como elemento de entrada DISEÑO INDUSTRIAL
650 ## - PUNTO DE ACCESO ADICIONAL DE MATERIA--TÉRMINO DE MATERIA
Fuente del encabezamiento o término Tesauro de Arte & Arquitectura
Término de materia o nombre geográfico como elemento de entrada DIBUJO INDUSTRIAL
650 ## - PUNTO DE ACCESO ADICIONAL DE MATERIA--TÉRMINO DE MATERIA
Fuente del encabezamiento o término Tesauro de Arte & Arquitectura
Término de materia o nombre geográfico como elemento de entrada INGENIEROS
650 ## - PUNTO DE ACCESO ADICIONAL DE MATERIA--TÉRMINO DE MATERIA
Fuente del encabezamiento o término Tesauro de Arte & Arquitectura
Término de materia o nombre geográfico como elemento de entrada CULTURA
942 ## - ELEMENTOS DE ENTRADA SECUNDARIOS (KOHA)
Fuente del sistema de clasificación o colocación Clasificación Decimal Dewey
Tipo de ítem Koha Libros
Parte de la signatura que corresponde a la clasificación (Parte de la clasificación) 621.436.2
Parte de la signatura que identifica el ejemplar (Parte del ítem) P185m
Suprimir en OPAC No
Holdings
Estatus retirado Estado de pérdida Fuente del sistema de clasificación o colocación Especificación de materiales (volumen encuadernado u otra parte) Estado de daño No para préstamo Colección Biblioteca de origen Biblioteca actual Fecha de adquisición Número de inventario Total de préstamos Signatura topográfica completa Código de barras Visto por última vez Precio de reemplazo Tipo de ítem Koha
    Clasificación Decimal Dewey 1993     Revistas Biblioteca LadoV Biblioteca LadoV 01/11/2023 005203   621.436.2 P185m 005203 01/11/2023 01/11/2023 Libros